000 00675nab a2200181 4500
001 244442
003 OSt
005 20240503090424.0
007 tu
008 200917s2020|||||||
040 _aDE-2950
_cDE-2950
245 0 0 _aTausende feiern in der Doppelstadt
_b1. Mai. Tag der Arbeit und 20 Jahre EU-Osterweiterung: in Frankfurt und Slubice zog es Tausende zu Brückenfest und Europafest. Der Feiertag in der Doppelstadt hatte viel zu bieten/
_cSelim Pekel, Marlena Dumin
264 _c2024
653 _aFrankfurt (Oder) - Slubice
653 _a1. Mai
773 0 _g35. Jahrgang (2024) Nr. 102 vom 02.05.2024, S. 16 mit Fotos
_tMärkische Oderzeitung
942 _2z
_cA
999 _c373128
_d373128